LEADER 01148nam a2200229 i 4500 001 000000043483 003 CaOOAMICUS 005 20090818000000.0 008 090818s1964 gw u000 u ger u 013 $a14653 040 $aSeMil$bita 245 10$aVom Messias zum Christus :$bdie Fülle der Zeit in religionsgeschichtlicher und theologischer Sicht /$cIm Auftrag des katholischen Akademikerverbandes der Erzdiözese Wien herausgegeben von Kurt Schubert. 260 $aWien [etc.] :$bHerder,$c1964. 300 $aVIII, 335 p. ;$c21 cm. 650 4$aEscatologia.$0(OLS)http://semarc/subject/3523 650 4$aPaolo - Escatologia.$0(OLS)http://semarc/subject/9290 650 4$aMessianesimo.$0(OLS)http://semarc/subject/6875 700 1 $aSchubert, Kurt <1923-2007>.$0(OLS)http://semarc/name/21599 850 $aSeMil 852 $aSeMil$W1$xVenegono$y1$m2B II 311$j9638$B9638$CSeMilBibl$Z2$F9638 $81 996 $6245$aVom Messias zum Christus :$bdie Fülle der Zeit in religionsgeschichtlicher und theologischer Sicht$9(OLS)http://semarc/title/63913 996 $6260$aWien [etc.] :$bHerder$9(OLS)http://semarc/publisher/35824 LEADER 01193nam a2200241 i 4500 001 000000195065 003 CaOOAMICUS 005 20101130000000.0 008 101130s1975 it u000 u ita u 013 $a173726 040 $aSeMil$bita 100 1 $aCattin, Giulio <1929- >.$0(OLS)http://semarc/name/8009 245 13$aUn processionale fiorentino per la settimana santa :$bstudio liturgico-musicale sul MS. 21 dell'opera di S. Maria del Fiore /$cGiulio Cattin. 260 $aBologna :$b[s.n.],$c1975$e(Bologna :$fLa Grafica Emiliana,$g1975) 300 $a156 p., [6] p. di tav. mus. ;$c24 cm. 490 0 $aTesti drammatici medioevali ;$v4 500 $aContiene : Appendice. 650 4$aLiturgia - Musica - Studi.$0(OLS)http://semarc/subject/16285 830 0$aTesti drammatici medioevali ;$v4.$0(OLS)http://semarc/title/32254 850 $aSeMil 852 $aSeMil$W1$xVenegono$y1$m3K II 337$j145634$B145634$CSeMilBibl$Z2$F157212 $81 996 $6245$aUn processionale fiorentino per la settimana santa :$bstudio liturgico-musicale sul MS. 21 dell'opera di S. Maria del Fiore$9(OLS)http://semarc/title/281319 996 $6260$aBologna :$b[s.n.]$9(OLS)http://semarc/publisher/30580